00518nam a2200181 a 450000100060000000300090000600800410001502000150005604000280007108200150009910000780011424500240019226000460021630000110026265000240027365000170029765000220031418746CO-ViMGA141112s2004 ck r 000 u spa d a8472900665 aCO-ViMGAbspacCO-ViMGA04a613.7 D4371 aAnderson, Linnea; Dibble, Marjorie; Mitchell, Helen; Rynbergen, Henderika10aDietas terapeuticas aBarcelona : bEdiciones Bellaterra; 2000. a319 p.14aDIETA PARA ENFERMOS14aDIETOTERAPIA14aNUTRICION Y SALUD